000 00478nam a22001577a 4500
003 OSt
005 20221013150225.0
008 221013b |||||||| |||| 00| 0 eng d
040 _cBiblioteca Lado V
082 _a708
_bD582n
100 _9167
_aDiMeo Carlozzi, Annette
_ecuradora
245 _aNegotiating, Small, Truths/
260 _aAustin, Texas
_bThe University of Texas at Austin
_c1999
300 _a142p.
_c22x22cm
942 _2ddc
_c1
_h708
_iD582n
_n0
999 _c2294
_d2294